Elaboración de vinos espumosos / por Lorenzo Badell Roig
Descripción Física:
41 p. : il. ; 24 cm
Materias:
Cava
MARC
| LEADER | 00000nam a2200000Ia 4500 | ||
|---|---|---|---|
| 001 | 9342 | ||
| 008 | 160829s1955 xx 000 0 cat d | ||
| 080 | |a FU-10-28 | ||
| 100 | |a Badell i Roig, Llorenç |9 20100 | ||
| 245 | |a Elaboración de vinos espumosos / por Lorenzo Badell Roig | ||
| 260 | |a Barcelona : |b Diputación Provincial de Barcelona, Servicios Técnicos de Agricultura, |c 1955 | ||
| 300 | |a 41 p. : |b il. ; |c 24 cm | ||
| 650 | |a Cava |9 22338 | ||
| 710 | 1 | |a Barcelona (Catalunya : Província). |b Servicios Técnicos de Agricultura |9 54614 | |
| 856 | 4 | |u https://media.diba.cat/diba/fitxers/arxiu/fulletons/bib_9342_baixa.pdf |y Accés lliure | |
| 856 | 4 | |u https://media.diba.cat/diba/fitxers/arxiu/fulletons/bib_9342_baixa.pdf |y Accés lliure | |
| 901 | |a Arxiu | ||
| 942 | |n 1 |2 udc | ||
| 952 | |0 0 |1 0 |4 0 |6 FU1028 |7 1 |9 42175 |a Arxiu |b Arxiu |d 2016-12-01 |l 0 |o FU-10-28 |p 9342 |r 2016-12-01 00:00:00 |w 2016-12-01 |y ARXIU | ||
| 999 | |c 44622 |d 44622 | ||
| 900 | |a bib_9342_baixa.pdf | ||